000
00214nam a22000857a 4500
008
170606b xxu||||| |||| 00| 0 eng d
100
_9
3290
_a
Rao. S. R
245
_a
Matsya
260
_a
New Delhi
_b
National Book Trust
_c
2004
999
_c
6607
_d
6607